Les grands films des années 80 - Statistiques

Statistiques générales
  • Ce quiz a été pris 183 fois
  • Le résultat moyen est 11 sur 20
Statistiques - réponses
Hint Réponse % Correct
1982 Un extra-terrestre échoué sur Terre se lie d'amitié avec un jeune américain pour pouvoir retrouver le chemin de sa maison, malgré les autorités. E.T.
97%
1981 Un archéologue aventurier affronte les nazis pour retrouver la mythique Arche d'alliance avant eux. Les aventuriers de l'Arche perdue
89%
1984 A New York, quatre hommes excentriques créent une société pour chasser les fantômes dans la ville. SOS Fantômes
87%
1985 Un jeune homme voyage dans le temps, 30 ans plus tôt, et malgré lui, rend amoureuse celle qui deviendra sa mère... bousculant ainsi le futur et sa propre existence ! Retour vers le futur
84%
1980 Après une lourde défaite, les rebelles se sont réfugiés sur une planète de glace. Le héros va bientôt découvrir la vérité sur son père… l'Empire contre attaque
83%
1980 Un écrivain devient fou dans un hôtel isolé pendant l'hiver, et sous influence maléfique, tente de tuer sa famille. Shining
80%
1982 Une soirée de Noël mouvementée, au sein d'une association d'aide pour les déprimés. Le Père Noël est une ordure.
76%
1980 Un homme atteint d'une grave maladie déformant son visage, se révèle être d'une grande intelligence et d'une grand sensibilité. Elephant man
65%
1988 L'histoire de la rivalité et de l'amitié passionnée entre deux champions d'apnée, obsédés par la profondeur de l'océan. Le Grand bleu
57%
1984 L'histoire du jeune Mozart, aussi insolent que talentueux, racontée plus tard par son rival jaloux, Salieri. Amadeus
56%
1986 En l'an 1327, un moine franciscain et son novice enquêtent sur une série de morts mystérieuses au sein d'une abbaye, où le secret d'une bibliothèque et l'obscurantisme religieux sont au cœur de l'énigme. Le nom de la rose
47%
1988 Un égoïste découvre l'existence de son frère aîné, un savant autiste, et tente de récupérer son héritage au cours d'un voyage qui transformera leur relation fraternelle. Rain man
45%
1982 Dans une société futuriste, un policier traque des humanoïdes illégaux, tout en questionnant sa propre humanité. Blade Runner
42%
1988 Un policier se retrouve seul et sans renfort pour déjouer le braquage d'un gratte-ciel à Los Angeles, et sauver sa femme retenue en otage par des criminels le soir de Noël. Piège de cristal
40%
1987 Deux flics, l'un suicidaire et l'autre plus posé, doivent mettre leurs différends de côté pour démanteler un réseau de trafiquants de drogue L'arme fatale
36%
1985 Dans le Kenya colonial, au début du XXe siècle, une jeune aristocrate britannique peine à développer sa plantation, mais y rencontre l'amour. Out of Africa
34%
1986 En Provence, deux paysans cupides cachent une source vitale pour faire échouer le nouveau propriétaire qui rêve de cultiver sa terre. Jean de Florette
29%
1989 Une équipe de forage sous-marin est réquisitionnée pour secourir un sous-marin nucléaire, mais se retrouve confrontée à un commando militaire et à la présence d'une intelligence extraterrestre au fond de l'océan. Abyss
23%
1985 Dans une société futuriste, absurde et hyper-bureaucratique, les aventures d'un petit fonctionnaire qui tente de corriger une erreur et devient un ennemi de l'État. Brazil
14%
1983 Un chômeur participe à un jeu télévisé mortel, chassé par des tueurs, pour tenter de gagner une grosse somme d'argent. Le prix du danger
4%
Aucun quiz correspondant
Distribution des résultats
% des personnes avec chaque résultat
Percentile par nombre de réponses
Votre historique - résultats
Vous n’avez pas pris ce quiz